National geographic : (Registro nro. 68748)
[ vista simple ]
| 000 -LEADER | |
|---|---|
| fixed length control field | 01993nas a2200481 i 4500 |
| 001 - CONTROL NUMBER | |
| control field | 68748 |
| 003 - CONTROL NUMBER IDENTIFIER | |
| control field | Mx-PuUPA |
| 005 - DATE AND TIME OF LATEST TRANSACTION | |
| control field | 20200217162107.0 |
| 008 - FIXED-LENGTH DATA ELEMENTS--GENERAL INFORMATION | |
| fixed length control field | 170418c18889999waumr ||d 0 b0eng|d |
| 022 ## - INTERNATIONAL STANDARD SERIAL NUMBER | |
| International Standard Serial Number | 0027-9358 |
| 040 ## - CATALOGING SOURCE | |
| Original cataloging agency | Mx-PuUPA |
| Language of cataloging | spa |
| Transcribing agency | Mx-PuUPA |
| Modifying agency | Mx-PuUPA |
| Description conventions | rda |
| 041 0# - LANGUAGE CODE | |
| Language code of text/sound track or separate title | eng |
| 082 0# - DEWEY DECIMAL CLASSIFICATION NUMBER | |
| Classification number | 910 |
| 210 1# - ABBREVIATED TITLE | |
| Abbreviated title | Nat. geo. |
| Qualifying information | (Washington) |
| 222 #0 - KEY TITLE | |
| Key title | National geographic |
| Qualifying information | (Washington) |
| 245 10 - TITLE STATEMENT | |
| Title | National geographic : |
| Remainder of title | the journal of the National Geographic Society |
| 246 13 - VARYING FORM OF TITLE | |
| Title proper/short title | NATGEO en inglés |
| 246 13 - VARYING FORM OF TITLE | |
| Title proper/short title | Revista NatGeo |
| 246 13 - VARYING FORM OF TITLE | |
| Title proper/short title | National Geographic : |
| Remainder of title | revista |
| 246 10 - VARYING FORM OF TITLE | |
| Title proper/short title | National geographic |
| 247 11 - FORMER TITLE | |
| Title | National Geographic Magazine |
| Date or sequential designation | 1888-1959 |
| 264 #1 - PRODUCTION, PUBLICATION, DISTRIBUTION, MANUFACTURE, AND COPYRIGHT NOTICE | |
| Place of production, publication, distribution, manufacture | Washington : |
| Name of producer, publisher, distributor, manufacturer | National geographic society, |
| Date of production, publication, distribution, manufacture, or copyright notice | 1959- |
| 310 ## - CURRENT PUBLICATION FREQUENCY | |
| Current publication frequency | Mensual |
| 336 ## - CONTENT TYPE | |
| Content type term | texto |
| Source | rdacontent |
| Content type code | txt |
| 337 ## - MEDIA TYPE | |
| Media type term | sin medio |
| Source | rdamedia |
| Media type code | n |
| 338 ## - CARRIER TYPE | |
| Carrier type term | volumen |
| Source | rdacarrier |
| Carrier type code | nc |
| 362 1# - DATES OF PUBLICATION AND/OR SEQUENTIAL DESIGNATION | |
| Dates of publication and/or sequential designation | Empezó en octubre de 1888- |
| 510 0# - CITATION/REFERENCES NOTE | |
| Name of source | Dialnet Plus |
| 510 0# - CITATION/REFERENCES NOTE | |
| Name of source | Scielo |
| 510 0# - CITATION/REFERENCES NOTE | |
| Name of source | Redalyc |
| 530 ## - ADDITIONAL PHYSICAL FORM AVAILABLE NOTE | |
| Additional physical form available note | Publicada en formato electrónico |
| 546 ## - LANGUAGE NOTE | |
| Language note | También disponible en español, árabe, alemán, búlgaro, chino tradicional y simplificado, croata, checo, danés, esloveno, estonio, finés, francés, griego, hebreo y hebreo ortodoxo, húngaro, indonesio, italiano, japonés, coreano, noruego, polaco, portugués en dos ediciones, rumano, ruso, serbio, sueco, tailandés y turco. |
| 550 ## - ISSUING BODY NOTE | |
| Issuing body note | Desarrollado por: National Geographic Society, 1888- |
| 588 1# - SOURCE OF DESCRIPTION NOTE | |
| Source of description note | Descripción basada en: vol. 3, no. 119 (march, 1961)- ; título de la cubierta |
| 610 24 - SUBJECT ADDED ENTRY--CORPORATE NAME | |
| Corporate name or jurisdiction name as entry element | National Geographic |
| 650 #4 - SUBJECT ADDED ENTRY--TOPICAL TERM | |
| Topical term or geographic name entry element | Geografía |
| Form subdivision | Publicación periódica |
| 650 #4 - SUBJECT ADDED ENTRY--TOPICAL TERM | |
| Topical term or geographic name entry element | Zoología |
| Form subdivision | Publicación periódica |
| 650 #4 - SUBJECT ADDED ENTRY--TOPICAL TERM | |
| Topical term or geographic name entry element | Botánica |
| Form subdivision | Publicación periódica |
| 710 2# - ADDED ENTRY--CORPORATE NAME | |
| Corporate name or jurisdiction name as entry element | National Geographic Society |
| 775 1# - OTHER EDITION ENTRY | |
| Relationship information | También disponible en español |
| Title | National Geographic en español |
| International Standard Serial Number | 1665-7764 |
| Record control number | (Mx-PuUPA) 67171 |
| 942 ## - ADDED ENTRY ELEMENTS (KOHA) | |
| Source of classification or shelving scheme | Dewey Decimal Classification |
| Koha item type | Revista |
| Classification part | 910 |
| Serial record | 1 |
| 998 ## - LOCAL CONTROL INFORMATION (RLIN) | |
| Cataloger's initials, CIN (RLIN) | balv |
No hay ítems disponibles.